The study of literature

Wedi'i Gadw mewn:
Manylion Llyfryddiaeth
Prif Awdur: W Eller
Fformat: Llyfr
Iaith:Undetermined
Cyhoeddwyd: Ginn and Co
Pynciau:
Tagiau: Ychwanegu Tag
Dim Tagiau, Byddwch y cyntaf i dagio'r cofnod hwn!
Thư viện lưu trữ: Trung tâm Học liệu Trường Đại học Cần Thơ
LEADER 00439nam a2200157Ia 4500
001 CTU_12697
008 210402s9999 xx 000 0 und d
082 |a 807 
082 |b E45 
100 |a W Eller 
245 4 |a The study of literature 
245 0 |c W Eller 
260 |b Ginn and Co 
650 |a literature - study and teaching 
904 |i Nguyễn Quang Điền, 961118 
980 |a Trung tâm Học liệu Trường Đại học Cần Thơ